Návrhový výpočet trojčlennej odparky
Uložené v:
| Hlavný autor: | |
|---|---|
| Ďalší autori: | |
| Médium: | Rukopis Kniha |
| Jazyk: | Slovak |
| Vydavateľské údaje: |
2025
|
| Predmet: | |
| On-line prístup: | http://is.stuba.sk/zp/portal_zp.pl?podrobnosti=178147 |
| Tagy: |
Žiadne tagy, Buďte prvý, kto otaguje tento záznam!
|
MARC
| LEADER | 00000ntm a22000003a 4500 | ||
|---|---|---|---|
| 001 | stuzp105181 | ||
| 003 | SK-STU | ||
| 005 | 20250628212421.3 | ||
| 007 | ta | ||
| 008 | 150427s2015----xo-----f-mn---000-0-slo-d | ||
| 040 | |a STU |b slo | ||
| 041 | 0 | |a slo | |
| 100 | 1 | |a Bohony, Gergő |u 046230 |4 aut |U FCHPT Ústav chemického a environmentálneho inžinierstva |T FCHPT Oddelenie chemického a biochemického inžinierstva |X 122396 |U C6230 |Y 119 |7 122396 | |
| 242 | 0 | 1 | |a Design calculation of three bodies evaporation line |y eng |
| 245 | 1 | 0 | |a Návrhový výpočet trojčlennej odparky |
| 260 | |c 2025 | ||
| 650 | 4 | |a teplovýmenná plocha |2 slo | |
| 650 | 4 | |a trojčlenná odparka |2 slo | |
| 650 | 4 | |a roztok NaOH |2 slo | |
| 650 | 4 | |a triple effect evaporator |2 eng | |
| 650 | 4 | |a heat exchange surface |2 eng | |
| 650 | 4 | |a NaOH solution |2 eng | |
| 700 | 1 | |a Timár, Pavel |u 046230 |k Z1 |4 ths |U FCHPT Ústav chemického a environmentálneho inžinierstva |T FCHPT Oddelenie chemického a biochemického inžinierstva |X 1772 |U C6230 |Y 119 |7 A000001772 | |
| 856 | 4 | |u http://is.stuba.sk/zp/portal_zp.pl?podrobnosti=178147 | |